Find the alpha-star of the constellations - Statistics

General Stats
  • This quiz has been taken 40 times
  • The average score is 19 of 57
Answer Stats
Hint Answer % Correct
Gemini Castor
75%
Cygnus Deneb
75%
Leo Regulus
75%
Lyra Vega
75%
Taurus Aldebaran
69%
Aquila Altair
69%
Orion Betelgeuse
69%
Ursa minor Polar
69%
Bootes Arcturus
63%
Auriga Capella
63%
Canis minor Procyon
63%
Centaurus Rigil Kentaurus
63%
Canis major Sirius
63%
Virgo Spica
63%
Scorpius Antares
56%
Ursa major Dubhe
50%
Hydrus Head of Hydrus
38%
Pavo Peacock
38%
Eridanus Achernar
31%
Hydra Alphard
31%
Corona borealis Alphecca
31%
Piscis Austrinus Fomalhaut
31%
Aries Hamal
31%
Ophiucus Ras Alhague
31%
Libra Zubenelgenubi
31%
Corvus Alchiba
25%
Grus Alnair
25%
Phoenix Ankaa
25%
Lepus Arneb
25%
Carina Canopus
25%
Canes venatici Cor Caroli
25%
Perseus Mirfak
25%
Cassiopeia Schedar
25%
Andromeda Sirrah (Alpheratz)
25%
Draco Thuban
25%
Caner Acubens
19%
Cepheus Alderamin
19%
Apus Apodis
19%
Coma Berenices Diadem
19%
Cetus Menkar
19%
Capricornus Algedi
13%
Crater Alkes
13%
Vulpecula Anser
13%
Triangulum australe Atria
13%
Fornax Dalim
13%
Equuleus Kitalpha
13%
Pegasus Markab
13%
Corona australis Meridiana
13%
Hercules Ras Algethi
13%
Sagittarius Rukbat
13%
Aquarius Sadalmelik
13%
Sagitta Sham
13%
Delphinus Sualocin
13%
Serpens Unukalhai
13%
Pisces Alrescha
6%
Triangulum Mothallah
6%
Columba Phact
6%
No matching quizzes found
Score Distribution
Percent of People with Each Score
Percentile by Number Answered
Your Score History
You have not taken this quiz